List of most Jewish US States - Statistics

General Stats
  • This quiz has been taken 59 times
  • The average score is 11 of 50
Answer Stats
Rank % Answer % Correct
1 9.1 New York
100%
2 6.1 New Jersey
86%
3 4.3 Massachusetts
64%
4 3.9 Maryland
61%
7 3.0 Florida
52%
6 3.0 California
50%
5 3.3 Connecticut
48%
9 2.3 Illinois
43%
10 2.3 Pennsylvania
39%
8 2.5 Nevada
36%
16 1.3 Ohio
32%
13 1.8 Virginia
30%
12 1.8 Rhode Island
27%
24 0.8 Alaska
23%
14 1.6 Delaware
23%
15 1.5 Arizona
20%
23 0.9 Michigan
20%
20 1.0 Oregon
20%
19 1.1 Vermont
20%
11 1.8 Colorado
18%
22 0.9 Maine
18%
21 1.0 Washington
18%
42 0.2 Wyoming
18%
17 1.2 Georgia
16%
18 1.1 Missouri
16%
26 0.7 New Hampshire
16%
50 0.0 South Dakota
16%
41 0.2 Utah
16%
31 0.5 Hawaii
14%
25 0.8 Minnesota
14%
47 0.1 North Dakota
11%
29 0.6 Texas
11%
30 0.6 Wisconsin
11%
33 0.4 Indiana
9%
40 0.2 Iowa
9%
27 0.6 Kansas
9%
46 0.1 Montana
9%
28 0.6 New Mexico
9%
34 0.4 North Carolina
9%
38 0.3 Tennessee
9%
43 0.1 Arkansas
7%
35 0.3 Kentucky
7%
49 0.1 West Virginia
7%
44 0.1 Idaho
5%
36 0.3 Louisiana
5%
32 0.5 Nebraska
5%
37 0.3 South Carolina
5%
39 0.2 Alabama
2%
45 0.1 Mississippi
2%
48 0.1 Oklahoma
2%
No matching quizzes found
Score Distribution
Percent of People with Each Score
Percentile by Number Answered
Your Score History
You have not taken this quiz